| 000 | 00609nam a22001577a 4500 | ||
|---|---|---|---|
| 003 | OSt | ||
| 005 | 20150909150949.0 | ||
| 008 | 150909b xxu||||| |||| 00| 0 eng d | ||
| 040 | _cRUA | ||
| 082 | _aAGR អៀ 1993 B007 Or.1 | ||
| 100 |
_9181 _aអៀ ឯកសារ |
||
| 245 | _aសិក្សារលើលក្ខណៈក្សេត្ររូបសាស្រ្តនិងលក្ខណៈសរីរៈសាស្រ្តលើពូជស្រូវប្រពៃណីប្រាំបីកួរ | ||
| 260 |
_aPhnom Penh _bRUA _c1993 |
||
| 300 |
_a99p. _bill. _c29cm. |
||
| 942 |
_2ddc _cAGR |
||
| 999 |
_c163 _d163 |
||